000
00242nam a2200085Ia 4500
245
0
_a
Xa mina i tinyeleti
100
_a
RIKHOTSO, Freddy Pietermaritzburg, 2003 1st ed
_9
81852
942
_c
BK
008
210817s9999 xx 000 0 und d
999
_c
293688
_d
293687